Основные вопросы теории и практики надежности: [сборник]

Библиографические подробности
Другие авторы: Прохоренко В. А. Владимир Александрович (редактор)
Язык:русский
Опубликовано: Минск, Наука и техника, 1982
Предметы:
Формат: Книга
Запись в KOHA:https://koha.lib.tpu.ru/cgi-bin/koha/opac-detail.pl?biblionumber=312431

MARC

LEADER 00000nam0a2200000 4500
001 312431
005 20231102002502.0
020 |a RU  |b 82-31164 
035 |a (RuTPU)RU\TPU\book\337799 
090 |a 312431 
100 |a 20151222d1982 k y0rusy5003 ca 
101 0 |a rus 
102 |a BY 
105 |a y z 001zy 
200 1 |a Основные вопросы теории и практики надежности  |e [сборник]  |f под ред. В. А. Прохоренко 
210 |a Минск  |c Наука и техника  |d 1982 
215 |a 279 с.  |c ил. 
320 |a Библиография в конце статей 
606 |a Надежность  |x Теория  |2 stltpush  |3 (RuTPU)RU\TPU\subj\44771  |9 64051 
610 1 |a расчет 
610 1 |a сложные технические системы 
610 1 |a структура 
610 1 |a прогнозирование 
610 1 |a модели управления 
610 1 |a долговечность 
610 1 |a оптимизация 
610 1 |a наблюдаемость 
610 1 |a критерий Гильберта 
675 |a 62-192  |v 3 
702 1 |a Прохоренко  |b В. А.  |g Владимир Александрович  |4 340 
801 0 |a RU  |b RuMRKP  |c 19950704  |g psbo 
801 1 |a RU  |b 63413507  |c 20151222 
801 2 |a RU  |b 63413507  |c 20181001  |g RCR 
942 |c BK